| 000 | 01130nam a22003497a 4500 | ||
|---|---|---|---|
| 003 | CHAP | ||
| 005 | 20220329134951.0 | ||
| 008 | 971013c19851978 r 00010 d | ||
| 010 | _a28816 | ||
| 011 | _a29788 | ||
| 035 | _a33899 | ||
| 040 | _cCHAP | ||
| 082 |
_a907.2 _bL4Y |
||
| 100 | 0 | 0 |
_aLe Goff, Jacques. _965242 |
| 245 | _aHacer la historia | ||
| 260 |
_aBarcelona : _bLaia, _c1985 (c.1978) |
||
| 300 | _a3 v. | ||
| 490 | _aPapel 451 | ||
| 500 | _aLa biblioteca tiene: v.1 Nuevos problemas.- v.2 Nuevos enfoques | ||
| 590 |
_aBATCH-UPD _b10 _c20130110 _lUCH01 _h1947 |
||
| 590 |
_aBATCH-UPD _b10 _c20130410 _lUCH01 _h1309 |
||
| 590 |
_aBATCH-UPD _b10 _c20130914 _lUCH01 _h1618 |
||
| 590 |
_aCONVERSION _b10 _c20130109 _lUCH01 _h1316 |
||
| 650 | 1 | 4 |
_aHistoriografía. _955652 |
| 700 | 0 |
_aNora, Pierre. _981715 |
|
| 830 | 0 |
_aPapel 451 _985388 |
|
| 901 | _aBK | ||
| 942 | _cLIBRO | ||
| 949 |
_a907.2 L4Y _bBC _cLIBRO _d33724000257374 _eLIBRO _fv.3 _h89389 _i33899 _si |
||
| 949 |
_a907.2 L4Y _bBC _cLIBRO _d33724000257382 _eLIBRO _fv.2 _h64623 _i33899 _si |
||
| 949 |
_a907.2 L4Y _bBC _cLIBRO _d33724000257390 _eLIBRO _fv.1 _h64622 _i33899 _si |
||
| 999 |
_c28816 _d28816 |
||